000 00668nam a22001817a 4500
999 _c28597
_d28597
003 BDDh-ASL
005 20231015030939.0
008 220424s2004 -cn||||| |||| 00| 0 eng d
040 _cBDDh-ASL
082 _a297.03
_bKAM
100 1 _96115
_aKarim, Ehsanul
245 1 0 _aMuslim History and Civilization:
_bA modern day perspective of the islamic civilization /
260 _aCanada:
_bPragmatic Publishings,
_c2008.
300 _a863 p. ;
_c24 cm.
650 0 _aIslamic History (ইসলামের ইতিহাস), Islamic Civilization, ইসলামী সভ্যতা, Isalāmī sabhyatā
_95885
650 0 _92977
_aCivilization
942 _2ddc
_cBK